Szczegóły MARC21

Szkoła Leona Schillera : PWST 1946-1949 /

003 -Nazwa inst., której nr kontr. jest w polu 001 [,]
    • @
    • Nazwa instytucji, której n kontrolny jest w polu 001
    • NUKAT
005 -DATA I CZAS OSTATNIEJ MODYFIKACJI [,]
    • @
    • pole kontrolne
    • 20241231103401.0
040 -Instytucja sporządzająca opis [ , ]
    • a
    • Instytucja, która sporządziła opis (NP)
    • TOR U/KC
    • c
    • Instytucja, która sporządziła rekord (NP)
    • TOR U/KC
    • d
    • Instytucja, która zmodyfikowała rekord (P)
    • TOR U/LF
    • d
    • Instytucja, która zmodyfikowała rekord (P)
    • GD U/BDs
942 -Rodzaj dokumentu [ , ]
    • c
    • Rodzaj dokumentu
    • Książka
100 -Hasło główne - nazwa osobowa [1, ]
    • a
    • Nazwa osobowa (NP)
    • Mrozińska, Stanisława
    • d
    • Daty biograficzne (NP)
    • (1911-1993).
    • 9
    • KHW
    • 51443
245 -Strefa tytułu i oznaczenia odpowiedzialności [1,0]
    • a
    • Tytuł
    • Szkoła Leona Schillera : Find
    • b
    • Ciąg dalszy tytułu (NP)
    • PWST 1946-1949 / Find
    • c
    • Pozostałe elementy strefy tytułu i oznaczenia odpowiedzialności (NP)
    • Stanisława Mrozińska ; Polska Akademia Nauk. Instytut Sztuki.
260 -Strefa adresu wydawniczego [ , ]
    • a
    • Miejsce wydania (P)
    • Wrocław :
    • b
    • Nazwa wydawcy (P)
    • Zakład Narodowy im. Ossolińskich, Wydaw. Polskiej Akademii Nauk,
    • c
    • Data wydania (P)
    • 1972.
300 -Strefa opisu fizycznego [ , ]
    • a
    • Określenie formy książki i/lub objętość (NP)
    • 276, [2] s., [35] s. tabl. :
    • b
    • Oznaczenie ilustracji (NP)
    • il. ;
    • c
    • Format (NP)
    • 24 cm.
336 -Typ zawartości [ , ]
    • a
    • Termin opisujący typ zawartości
    • Tekst
    • b
    • Kod określający zawartość
    • txt
    • 2
    • Źródło (terminu i kodu)
    • rdacontent
337 -Typ mediów [ , ]
    • a
    • Tryb odtwarzania
    • Bez urządzenia pośredniczącego
    • b
    • Kod typu mediów
    • n
    • 2
    • Źródło (terminu i kodu)
    • rdamedia
338 -Typ/rodzaj nośnika [ , ]
    • a
    • Hasło opisujące typ nośnika
    • Wolumin
    • b
    • Kod typu nośnika
    • nc
    • 2
    • Źródło (terminu i kodu)
    • rdacarrier
490 -Strefa serii i książki wielotomowej - forma nie do wyszukiwania [1, ]
    • a
    • Tytuł (P)
    • Studia i Materiały do Dziejów Teatru Polskiego ; Find
    • v
    • Numeracja (P)
    • t. 2 (14)
830 -Hasło dodatkowe serii i opisu książki wielotomowej - tytuł ujednolicony/tytuł [ ,0]
    • a
    • Tytuł ujednolicony/tytuł (NP)
    • Studia i Materiały do Dziejów Teatru Polskiego
    • x
    • ISSN
    • 0208-404X
    • v
    • Oznaczenie tomu (NP)
    • t. 2 (14)
    • 9
    • KHW
    • 51380
504 -Uwaga dot. bibliogr. załącznikowej [ , ]
    • a
    • Uwaga dot. bibliografii załącznikowej
    • Indeks.
080 -Uniwersalna Klasyfikacja Dziesiętna [ , ]
    • a
    • Symbol klasyfikacji
    • 378.679.2(438)(084.1)"1946/1949"
600 -Hasło przedmiotowe w formie nazwy osobowej [1,7]
    • a
    • Nazwa osobowa
    • Schiller, Leon
    • d
    • Daty związane z nazwą
    • (1887-1954)
    • x
    • Określnik rzeczowy
    • inscenizacja.
    • 2
    • Źródło terminu
    • kaba
    • 9
    • KHW
    • 379069
610 -Hasło przedmiotowe w formie nazwy ciała zbiorowego [2,7]
    • a
    • Nazwa ciała zbiorowego lub nazwa geograficzna
    • Państwowa Wyższa Szkoła Filmowa, Telewizyjna i Teatralna im. Leona Schillera (Łódź).
    • 2
    • Źródło terminu
    • kaba
    • 9
    • KHW
    • 247667
980 -Symbol UKD [ , ]
    • a
    • UKD
    • 378.679.2(438)(084.1)"1946/1949"
Sygnatura Lokalizacja Data inwentaryzacji Status udost. Numer inwentarzowy
W.84810BG2002-11-22-3W.84810
 BG2002-12-091JK.366
egz.arch.BG2002-11-221Z.5092